Journal of a Voyage to Siam 1685-1686

Bibliographic Details
Main Author: Choisy, Abbe De
Other Authors: Smithies, Michael (tranlated and introduced)
Format: Book
Published: Oxford : University Press , 1993
Subjects:

MARC

LEADER 00000cam a2200000 7i4500
001 0000002718
002 000002948
005 20000330.0
020 |a 9676530263 
090 0 0 |a 959.3023   |b CHO 
100 1 |a Choisy, Abbe De 
245 1 0 |a Journal of a Voyage to Siam 1685-1686   |c Abbe De Choisy 
260 |a Oxford :   |b University Press ,   |c 1993 
300 |a 305p. :   |b ill. ;   |c 25cm. 
650 0 0 |a Thailand   |x Description and travel 
700 1 |a Smithies, Michael ,   |e tranlated and introduced 
999 |a 036188   |b BUKU   |c PINJAMAN   |e PERPUSTAKAAN KOMUNITI PETALING JAYA